000 00608nam a22002057a 4500
005 20150805122716.0
010 _aENG-113224
020 _a9789382711179
_c495.00
035 _aEN-96756
037 _bDBAD/PUB
082 _a332.6730954
100 _aKabra, Kamal Nayan
245 _aFDI in retail :
_cby Kamal Nayan Kabra
_ba self goal /
250 _arev. & updated ed
260 _aNew Delhi
_bVitasta Publishing
_c2015
270 _a2/15, Ansari Road, Daryaganj
_bNew Delhi
_e110002
300 _a180p.
_c22cm(Hb)
500 _aIncludes index
942 _2ddc
_cEN
_mKAB
_h332.6730954
999 _c93939
_d93939